000 00557nam a2200205Ia 4500
001 15510
003 GE_BSU
008 181216s||||||||xx |||||||||||||| ||und||
040 _cGE_BSU
080 _a821.353.1-32
100 _aჩხეიძე,ბორის
245 _aმოთხრობები.
245 _cრედ.ვ.ჭიაურელი
260 _aთბილისი
260 _bსახელგამი
260 _c1950
300 _a255გვ.18სმ.
653 _aმოთხრობები.
942 _cBK
999 _c48610
_d48610